000 00742nam a2200253 a 4500
001 BRL_467
005 20190320210745.0
008 160813c1994----mx-a######---#000-0#spa-#
020 _a9683804381
041 _aspa
044 _amx
050 4 _aF1219.75C83
_b.R66 1994
100 1 _aRomero Giordano, Carlos
_94882
245 1 0 _aCuauhtémoc
_bmás humano que divino
_cCarlos Romero Giordano.
260 _aMéxico
_bPanorama editorial
_c1994
300 _a72 p.
_bil.
_c22 cm.
500 _aAu499
500 _aBibliografía: p. 69-72
600 1 4 _aCuauhtémoc
_cEmperador de México
_d1495?-1525
_923677
650 1 4 _aAztecas
_vBiografía
_924003
650 1 4 _aIndígenas de México
_vBiografía
_924004
902 _aGRL
942 _2lcc
_cB
999 _c9279
_d9279